000 00393cam a2200145ua 4500
041 _amal
_h
082 _a894.812301
_bRAG/NA
100 _aRaghavan, Vengad .
245 _aNalu Bengali kathakal /
_cVengad Raghavan.
_hTextual Documents
260 _aKottayam :
_bSahitya Pravarthaka Co-operative Society ,
_c1963.
300 _a123 ; .
504 _a
942 _cBK
999 _c12348
_d12348